|
|
|
|
| LEADER |
00806nam a2200181 i 4500 |
| 003 |
GR-PaULI |
| 005 |
20210117210936.0 |
| 008 |
190717b gr ||||| |||| 00| 0 eng d |
| 952 |
|
|
|0 0
|1 0
|2 ddc
|4 0
|6 Π_330_030000000000000_ΕΓΚ
|7 0
|9 234053
|a LISP
|b LISP
|c REF
|d 2019-07-17
|i 123870
|l 0
|o Π 330.03 ΕΓΚ
|p 025000049334
|r 2019-07-17 00:00:00
|t 1
|v 2019.00
|w 2019-07-17
|y BK15
|
| 999 |
|
|
|c 141970
|d 141970
|
| 040 |
|
|
|a GR-PaULI
|b gre
|c GR-PaULI
|e AACR2
|
| 082 |
0 |
4 |
|2 23
|a 330.03
|
| 245 |
1 |
0 |
|a Εγκυκλοπαιδικό λεξικό πεντάγλωσσο /
|c εποπτεία Ι.Κ. Χολέβα.
|
| 260 |
|
|
|a Αθήνα :
|b Τυροβολά,
|c 1980.
|
| 300 |
|
|
|a 1302 σ. ;
|c 22 εκ.
|
| 650 |
|
4 |
|9 172736
|a Οικονομία
|x Εγκυκλοπαίδειες και λεξικά
|
| 942 |
|
|
|2 ddc
|c BK15
|
| 998 |
|
|
|c ΣΑΤΛΑΝΗΣ
|d 2019-07
|